[Event "3rd 4NCL Easter Congress"]
[Site "Mercure Daventry Court Hotel"]
[Date "2023.04.10"]
[Round "7"]
[Board "11"]
[White "Thompson, Ian D"]
[Black "Gordon, Sean"]
[Result "1-0"]
[WhiteElo "2078"]
[BlackElo "1753"]
[PlyCount "85"]
[EventDate "2023.04.07"]
[EventRounds "7"]
[EventCountry "ENG"]

1. c4 e5 2. g3 Nf6 3. Bg2 d5 4. cxd5 Nxd5 5. Nf3 Nc6 6. O-O Nb6 7. d3 Be7 8. Nbd2
O-O 9. a3 a5 10. b3 Re8 11. Bb2 Bf8 12. Qc2 Nd4 13. Nxd4 exd4 14. Nf3 c5 15. b4 cxb4
16. axb4 Bxb4 17. Bxd4 Be6 18. Qb2 f6 19. Ne1 Bg4 20. e3 Nd5 21. Nc2 Be6 22. e4 Ne7
23. Nxb4 axb4 24. Rxa8 Qxa8 25. Qxb4 Nc6 26. Qc3 Qa5 27. Ra1 Qxc3 28. Bxc3 Rd8 29.
Bf1 b5 30. Ra6 Bd7 31. Rb6 Rb8 32. Rxb8+ Nxb8 33. d4 Kf7 34. f4 Na6 35. Kf2 Nc7 36.
Ba5 Ne6 37. Ke3 g5 38. Bb4 h6 39. d5 Nc7 40. Kd4 Na6 41. Ba5 Ke7 42. Be2 Be8 43.
e5  1-0

[Event "3rd 4NCL Easter Congress"]
[Site "Mercure Daventry Court Hotel"]
[Date "2023.04.10"]
[Round "7"]
[Board "12"]
[White "Liu, Jason"]
[Black "Khoury, Theo"]
[Result "1/2-1/2"]
[WhiteElo "1965"]
[BlackElo "2020"]
[PlyCount "49"]
[EventDate "2023.04.07"]
[EventRounds "7"]
[EventCountry "ENG"]

1. e4 c5 2. Nf3 d6 3. d4 cxd4 4. Nxd4 Nf6 5. Nc3 a6 6. a4 e5 7. Nf3 Be7 8. Bg5 Be6
9. Bxf6 Bxf6 10. Nd5 Nd7 11. Bc4 Rc8 12. Nxf6+ Nxf6 13. Bd3 h6 14. O-O O-O 15. Re1
Qc7 16. Qe2 Bc4 17. c3 Rfd8 18. Bxc4 Qxc4 19. Qxc4 Rxc4 20. Nd2 Rc6 21. Rad1 d5 22.
exd5 Rxd5 23. Nf3 Rc4 24. Rxd5 Nxd5 25. Nxe5  1/2-1/2

[Event "3rd 4NCL Easter Congress"]
[Site "Mercure Daventry Court Hotel"]
[Date "2023.04.10"]
[Round "7"]
[Board "13"]
[White "Garcia-Ruiz, Aitor"]
[Black "Cast, Julian"]
[Result "1/2-1/2"]
[WhiteElo "2078"]
[BlackElo "1890"]
[PlyCount "77"]
[EventDate "2023.04.07"]
[EventRounds "7"]
[EventCountry "ENG"]

1. d4 Nf6 2. Nf3 d6 3. c4 c6 4. Nc3 Nbd7 5. e4 Qc7 6. Be2 e5 7. O-O Be7 8. Be3 a5
9. d5 O-O 10. Nd2 Ne8 11. a3 c5 12. Qc2 g5 13. Nb5 Qd8 14. b4 b6 15. bxa5 bxa5 16.
Nb3 Nc7 17. Bd2 Nxb5 18. cxb5 a4 19. Nc1 Nb6 20. g4 Bd7 21. Rb1 Qc8 22. h3 h5 23.
f3 h4 24. Na2 f6 25. Nc3 Ra7 26. Rb2 Qc7 27. Nd1 Kg7 28. Ne3 Rb8 29. Rfb1 Rab7 30.
Ba5 Qc8 31. Bxb6 Rxb6 32. Qxa4 Ra8 33. Qb3 Qb8 34. a4 Bd8 35. Nc4 Rb7 36. Ra2 Ba5
37. Bd1 Kf8 38. Rab2 Ke7 39. Be2  1/2-1/2

[Event "3rd 4NCL Easter Congress"]
[Site "Mercure Daventry Court Hotel"]
[Date "2023.04.10"]
[Round "7"]
[Board "14"]
[White "Baer, Bruce L"]
[Black "Madhavan, Sanjith"]
[Result "1/2-1/2"]
[WhiteElo "1963"]
[BlackElo "1961"]
[PlyCount "45"]
[EventDate "2023.04.07"]
[EventRounds "7"]
[EventCountry "ENG"]

1. Nf3 Nf6 2. g3 g6 3. Bg2 Bg7 4. O-O d6 5. d3 O-O 6. e4 c5 7. Re1 Nc6 8. c3 Qc7
9. d4 Bg4 10. h3 Bxf3 11. Bxf3 e5 12. dxc5 dxc5 13. Na3 a6 14. Be3 Rfd8 15. Qe2 b6
16. Rad1 Rxd1 17. Rxd1 Bf8 18. h4 b5 19. h5 Rd8 20. hxg6 hxg6 21. Rxd8 Qxd8 22. Bg5
Qd6 23. Kg2  1/2-1/2

[Event "3rd 4NCL Easter Congress"]
[Site "Mercure Daventry Court Hotel"]
[Date "2023.04.10"]
[Round "7"]
[Board "15"]
[White "Gurner, Jem"]
[Black "Miller, George I"]
[Result "1-0"]
[WhiteElo "1851"]
[BlackElo "1841"]
[PlyCount "33"]
[EventDate "2023.04.07"]
[EventRounds "7"]
[EventCountry "ENG"]

1. e4 c5 2. c3 d5 3. exd5 Qxd5 4. d4 Nc6 5. Nf3 Bg4 6. Be2 Nf6 7. h3 Bf5 8. Be3 cxd4
9. cxd4 Bxb1 10. Qxb1 e5 11. O-O e4 12. Nd2 Nxd4 13. Bxd4 Qxd4 14. Bb5+ Nd7 15. Nxe4
Rd8 16. Rd1 Qb6 17. Qd3  1-0

[Event "3rd 4NCL Easter Congress"]
[Site "Mercure Daventry Court Hotel"]
[Date "2023.04.10"]
[Round "7"]
[Board "16"]
[White "Guha, Chirag"]
[Black "Ackley, Peter JE"]
[Result "1/2-1/2"]
[WhiteElo "1725"]
[BlackElo "1931"]
[PlyCount "24"]
[EventDate "2023.04.07"]
[EventRounds "7"]
[EventCountry "ENG"]

1. d4 d6 2. c4 e5 3. dxe5 dxe5 4. Qxd8+ Kxd8 5. Nf3 f6 6. Nc3 Be6 7. b3 c6 8. Bb2
Nd7 9. O-O-O Kc7 10. e3 Nh6 11. h3 Nf7 12. Be2 a5  1/2-1/2

[Event "3rd 4NCL Easter Congress"]
[Site "Mercure Daventry Court Hotel"]
[Date "2023.04.10"]
[Round "7"]
[Board "17"]
[White "Mikalajunas, Kajus"]
[Black "Dicen, Elis Denele"]
[Result "0-1"]
[WhiteElo "1806"]
[BlackElo "1872"]
[PlyCount "84"]
[EventDate "2023.04.07"]
[EventRounds "7"]
[EventCountry "ENG"]

1. e4 c6 2. d4 d5 3. e5 Bf5 4. h4 h5 5. Bd3 Bxd3 6. Qxd3 e6 7. Bg5 Qa5+ 8. Nd2 Qa6
9. Qf3 Nd7 10. Ne2 Be7 11. Bxe7 Nxe7 12. O-O Nf5 13. g3 c5 14. c3 g6 15. Nb3 Rc8
16. Nxc5 Rxc5 17. dxc5 Nxe5 18. Qf4 Qxe2 19. Qa4+ Kf8 20. Qf4 Kg7 21. Kg2 Nd3 22.
Qc7 Ne3+ 23. Kg1 Nxf1 24. Rxf1 Qxb2 25. c6 bxc6 26. Qxa7 Qxc3 27. a4 Qc5 28. Qa6
Ne5 29. Qe2 Nc4 30. Rb1 Ra8 31. Rb7 Ra7 32. Rb8 Qd6 33. Re8 Qe5 34. Qd1 Nb2 35. Qc1
Nd3 36. Qc2 Qe1+ 37. Kg2 Qe4+ 38. Kh2 Ne1 39. Qb2+ d4 40. f3 Nxf3+ 41. Kh3 Ng1+ 42.
Kh2 Qe2+  0-1

[Event "3rd 4NCL Easter Congress"]
[Site "Mercure Daventry Court Hotel"]
[Date "2023.04.10"]
[Round "7"]
[Board "18"]
[White "Vijayakumar, Rishi"]
[Black "Kothari, Jai"]
[Result "1-0"]
[WhiteElo "1846"]
[BlackElo "1722"]
[PlyCount "55"]
[EventDate "2023.04.07"]
[EventRounds "7"]
[EventCountry "ENG"]

1. d4 Nf6 2. c4 e6 3. Nf3 c5 4. d5 b5 5. h3 Bb7 6. e3 bxc4 7. dxe6 fxe6 8. Bxc4 Be7
9. O-O O-O 10. Nc3 d5 11. Bb3 Nbd7 12. e4 c4 13. Bc2 dxe4 14. Ng5 Qb6 15. Qe2 Ne5
16. Ncxe4 Nd5 17. Nxh7 Rf5 18. Ng3 Rxf2 19. Rxf2 Bc5 20. Qxe5 Bxf2+ 21. Kh2 Nf6 22.
Nxf6+ gxf6 23. Qxf6 c3 24. Qg6+ Kf8 25. Bh6+ Ke7 26. Qg7+ Kd8 27. Bg5+ Kc8 28. Qf8+
 1-0

[Event "3rd 4NCL Easter Congress"]
[Site "Mercure Daventry Court Hotel"]
[Date "2023.04.10"]
[Round "7"]
[Board "19"]
[White "Ireland, David J"]
[Black "Gibson, Christopher A"]
[Result "1-0"]
[WhiteElo "1932"]
[BlackElo "1841"]
[PlyCount "91"]
[EventDate "2023.04.07"]
[EventRounds "7"]
[EventCountry "ENG"]

1. e4 e5 2. Nf3 Nc6 3. Bc4 Bc5 4. c3 Nf6 5. d3 d6 6. b4 Bb6 7. a4 a6 8. Qb3 O-O 9.
Bg5 Qe7 10. Nbd2 Be6 11. O-O Ba7 12. Rfe1 Bxc4 13. Qxc4 Qe6 14. b5 Qxc4 15. Nxc4
Nd8 16. Bxf6 gxf6 17. b6 Bxb6 18. Nxb6 cxb6 19. Rab1 b5 20. axb5 a5 21. Nh4 b6 22.
Nf5 Nb7 23. Ne7+ Kg7 24. Re3 Rfb8 25. d4 a4 26. Ra1 Kf8 27. Nd5 Na5 28. Rxa4 Nc4
29. Rxa8 Rxa8 30. Re1 Ra5 31. f3 Rxb5 32. Nxf6 Rb2 33. dxe5 dxe5 34. Nd5 Na3 35.
h4 Rc2 36. Kh2 Kg7 37. Kh3 Nb5 38. Re3 h5 39. Rd3 f6 40. g4 hxg4+ 41. Kxg4 Rg2+ 42.
Kf5 Rh2 43. Nxf6 Rxh4 44. Rd7+ Kf8 45. Ke6 Nxc3 46. Rf7#  1-0

[Event "3rd 4NCL Easter Congress"]
[Site "Mercure Daventry Court Hotel"]
[Date "2023.04.10"]
[Round "7"]
[Board "20"]
[White "Estevez Fernandez, Josue"]
[Black "Briggs, John Nicholas"]
[Result "0-1"]
[WhiteElo "1832"]
[BlackElo "1994"]
[PlyCount "112"]
[EventDate "2023.04.07"]
[EventRounds "7"]
[EventCountry "ENG"]

1. e4 c6 2. d4 g6 3. Nc3 d6 4. f4 d5 5. e5 h5 6. Bd3 Nh6 7. Be3 Bf5 8. Nf3 Qb6 9.
Na4 Qa5+ 10. Nc3 e6 11. O-O Bxd3 12. Qxd3 Nf5 13. Bf2 Be7 14. Ne2 Qa6 15. Rfd1 Nd7
16. Qxa6 bxa6 17. Ng3 Nxg3 18. Bxg3 Rb8 19. Rab1 O-O 20. Bh4 Bxh4 21. Nxh4 Rb6 22.
Nf3 a5 23. Nd2 a4 24. c4 Rfb8 25. b3 axb3 26. axb3 c5 27. cxd5 exd5 28. Ra1 R8b7
29. Kf2 cxd4 30. Nf3 Rxb3 31. Rxd4 Nb6 32. Kg3 Rd7 33. Kh4 Nc4 34. Rc1 Ne3 35. Kg5
Kg7 36. e6 Nf5 37. exf7 Rxf3 38. f8=Q+ Kxf8 39. Rb4 Re3 40. Kxg6 Nh4+ 41. Kxh5 Nxg2
42. Rg1 Re2 43. Rb8+ Kf7 44. Kg5 d4 45. h4 d3 46. h5 d2 47. h6 Re8 48. Rb2 Ne1 49.
Rxd2 Nf3+ 50. Kh5 Rxd2 51. Rg7+ Kf6 52. Rxa7 Rg8 53. Ra6+ Kf5 54. Ra5+ Kxf4 55. Ra4+
Kg3 56. Rh4 Rd5#  0-1

[Event "3rd 4NCL Easter Congress"]
[Site "Mercure Daventry Court Hotel"]
[Date "2023.04.10"]
[Round "7"]
[Board "21"]
[White "Turner, Lewis A"]
[Black "Subramanian, Anusha"]
[Result "0-1"]
[WhiteElo "1825"]
[BlackElo "1827"]
[PlyCount "110"]
[EventDate "2023.04.07"]
[EventRounds "7"]
[EventCountry "ENG"]

1. e4 e6 2. d4 d5 3. Nc3 dxe4 4. Nxe4 Nd7 5. Nf3 Ngf6 6. Bg5 h6 7. Bh4 Be7 8. Bxf6
Nxf6 9. Nc3 O-O 10. Bd3 b6 11. Qe2 Bb7 12. O-O-O a5 13. Rhg1 Rc8 14. g4 Nd5 15. Qe4
g6 16. Ne2 Rb8 17. Ne5 Bg5+ 18. Kb1 Nc3+ 19. Nxc3 Bxe4 20. Nxe4 Ra8 21. c3 a4 22.
Rdf1 c5 23. f4 Be7 24. g5 h5 25. Nf6+ Kg7 26. Nfd7 cxd4 27. Nxf8 Bxf8 28. Rd1 Qe7
29. Be4 Rc8 30. Rxd4 Rd8 31. Rgd1 Rxd4 32. Rxd4 Qc5 33. Nd7 Qb5 34. Bd3 Qc6 35. Be4
Qc7 36. Ne5 Bd6 37. Rc4 Qa7 38. Nc6 Qa6 39. b3 axb3 40. axb3 Qa3 41. Bc2 b5 42. Re4
Bxf4 43. Rxf4 Qd6 44. Re4 Qxc6 45. Kb2 h4 46. Rxh4 Qg2 47. Rb4 Qxg5 48. h4 Qd5 49.
Rd4 Qg2 50. Rb4 Qe2 51. Re4 Qf3 52. Rb4 e5 53. Rxb5 e4 54. Re5 e3 55. Re4 Qxe4  0-1

[Event "3rd 4NCL Easter Congress"]
[Site "Mercure Daventry Court Hotel"]
[Date "2023.04.10"]
[Round "7"]
[Board "22"]
[White "Gardiner, Eric D"]
[Black "Ali, Golam S"]
[Result "0-1"]
[WhiteElo "1860"]
[BlackElo "1781"]
[PlyCount "110"]
[EventDate "2023.04.07"]
[EventRounds "7"]
[EventCountry "ENG"]

1. d4 Nf6 2. Bg5 d5 3. Bxf6 exf6 4. e3 Be6 5. g3 Nd7 6. Bg2 c6 7. Ne2 Qb6 8. b3 Bb4+
9. c3 Bd6 10. Nd2 f5 11. Nf4 Nf6 12. Nxe6 fxe6 13. c4 Bb4 14. c5 Qc7 15. a3 Bxd2+
16. Qxd2 e5 17. dxe5 Qxe5 18. O-O O-O 19. Rfd1 Rad8 20. Qd4 Qe7 21. b4 Ne4 22. a4
g5 23. Bxe4 fxe4 24. b5 Rf5 25. bxc6 bxc6 26. Rab1 Rdf8 27. Rd2 Qf7 28. Rbb2 h5 29.
a5 h4 30. a6 h3 31. Re2 Qh5 32. Rb7 R5f7 33. Rxf7 Qxf7 34. Qe5 Qf3 35. Qxg5+ Kf7
36. Qf4+ Qxf4 37. gxf4 Rb8 38. f3 exf3 39. Ra2 Rb5 40. Kf2 Rxc5 41. Kxf3 Rc3 42.
Rb2 d4 43. Rb7+ Ke6 44. Rxa7 Rxe3+ 45. Kf2 Ra3 46. Rh7 Rxa6 47. Rxh3 Kd5 48. f5 c5
49. Rf3 Rf6 50. Kg3 c4 51. Kf4 c3 52. Rf1 c2 53. Rg1 d3 54. Ke3 Kc4 55. Kd2 Rxf5
 0-1

[Event "3rd 4NCL Easter Congress"]
[Site "Mercure Daventry Court Hotel"]
[Date "2023.04.10"]
[Round "7"]
[Board "23"]
[White "Isik, Muhammed Oguz"]
[Black "Hertog, Alexander"]
[Result "0-1"]
[WhiteElo "1683"]
[BlackElo "1585"]
[PlyCount "66"]
[EventDate "2023.04.07"]
[EventRounds "7"]
[EventCountry "ENG"]

1. d4 Nf6 2. c4 e6 3. Nf3 b6 4. g3 Bb7 5. Bg2 Bb4+ 6. Bd2 Be7 7. Nc3 O-O 8. O-O c5
9. d5 exd5 10. Nh4 Ne4 11. Nf5 Bf6 12. cxd5 Nxc3 13. Bxc3 Bxc3 14. bxc3 Qf6 15. Qc2
d6 16. a4 Re8 17. e4 Ba6 18. Rfe1 Nd7 19. c4 Ne5 20. Ne3 g6 21. f4 Nd7 22. Rad1 Qg7
23. Rd3 Re7 24. h3 Rae8 25. Rd2 f5 26. g4 fxe4 27. g5 Rf8 28. Rf1 h6 29. Ng4 hxg5
30. fxg5 Rxf1+ 31. Kxf1 e3 32. Rd3 e2+ 33. Ke1 Qa1+  0-1

[Event "3rd 4NCL Easter Congress"]
[Site "Mercure Daventry Court Hotel"]
[Date "2023.04.10"]
[Round "7"]
[Board "24"]
[White "Gibbon, Eric"]
[Black "Pyda, Arjun"]
[Result "1/2-1/2"]
[WhiteElo "1847"]
[BlackElo "1692"]
[PlyCount "80"]
[EventDate "2023.04.07"]
[EventRounds "7"]
[EventCountry "ENG"]

1. d4 d5 2. Nc3 Nf6 3. Bf4 c6 4. e3 Bf5 5. f3 h6 6. g4 Bg6 7. h4 e6 8. Bd3 Bxd3 9.
Qxd3 Bd6 10. Nge2 Qc7 11. Bxd6 Qxd6 12. O-O-O Nbd7 13. e4 dxe4 14. Nxe4 Qc7 15. Qa3
Nxe4 16. fxe4 a6 17. d5 exd5 18. exd5 cxd5 19. Rxd5 O-O-O 20. Rhd1 Rhe8 21. Qf3 Ne5
22. Qf5+ Nd7 23. Nc3 Re7 24. h5 Qb6 25. Na4 Qe3+ 26. Kb1 Qe6 27. Qxe6 Rxe6 28. Nc5
Re7 29. a4 Kc7 30. b4 Kc6 31. Ka2 Kc7 32. Kb3 Re3+ 33. c3 Re7 34. R1d3 Kc6 35. a5
Kc7 36. c4 Kc8 37. Nxd7 Rexd7 38. Rxd7 Rxd7 39. Rxd7 Kxd7 40. Kc3 Ke6  1/2-1/2

[Event "3rd 4NCL Easter Congress"]
[Site "Mercure Daventry Court Hotel"]
[Date "2023.04.07"]
[Round "1"]
[Board "1"]
[White "Nilsson, Adam"]
[Black "Brocklehurst, Andrew"]
[Result "0-1"]
[WhiteElo "1618"]
[BlackElo "1832"]
[PlyCount "62"]
[EventDate "2023.04.07"]
[EventRounds "7"]
[EventCountry "ENG"]

1. Nf3 Nf6 2. g3 g6 3. Bg2 Bg7 4. O-O O-O 5. b3 d6 6. d4 c5 7. e3 cxd4 8. exd4 Nc6
9. Bb2 Qc7 10. Re1 Bg4 11. h3 Bxf3 12. Bxf3 e5 13. d5 Nd4 14. c4 Nxf3+ 15. Qxf3 Nd7
16. Nc3 f5 17. Nb5 Qb8 18. Ba3 e4 19. Qe3 Be5 20. Rac1 a6 21. Nd4 Qd8 22. Ne6 Qf6
23. Nxf8 Rxf8 24. Rc2 Bd4 25. Qd2 Ne5 26. Kg2 Nf3 27. Qe2 Nxe1+ 28. Qxe1 Qe5 29.
Qd2 f4 30. Bxd6 e3 31. Qe2 Qxd6  0-1

[Event "3rd 4NCL Easter Congress"]
[Site "Mercure Daventry Court Hotel"]
[Date "2023.04.07"]
[Round "1"]
[Board "2"]
[White "Hall, James"]
[Black "Wheeler, Tim"]
[Result "1-0"]
[WhiteElo "1719"]
[BlackElo "1597"]
[PlyCount "111"]
[EventDate "2023.04.07"]
[EventRounds "7"]
[EventCountry "ENG"]

1. d4 Nf6 2. Nc3 d5 3. e4 Nxe4 4. Nxe4 dxe4 5. Be3 Bf5 6. g4 Bg6 7. Ne2 e6 8. h4
f5 9. h5 Bf7 10. g5 Be7 11. Qd2 Qd7 12. Bg2 Nc6 13. f3 exf3 14. Bxf3 O-O-O 15. O-O-O
Kb8 16. Qc3 Nb4 17. Qb3 c6 18. c4 Rhe8 19. g6 hxg6 20. hxg6 Bg8 21. Bf4+ Ka8 22.
Be5 Na6 23. Kb1 Bd6 24. Qe3 Qc7 25. a3 Bxe5 26. dxe5 Qe7 27. Nf4 Nc5 28. b4 Na6 29.
Nd3 Rd7 30. Nb2 Red8 31. Rxd7 Rxd7 32. Rd1 Rxd1+ 33. Bxd1 Qd8 34. Qd3 Qxd3+ 35. Nxd3
Nb8 36. Nf4 Nd7 37. Nd3 a5 38. Kc2 Ka7 39. Kc3 axb4+ 40. axb4 b6 41. Bf3 c5 42. Bc6
cxb4+ 43. Kxb4 Nf8 44. Be8 Kb7 45. Nf4 Kc7 46. Kb5 Kb7 47. Nh5 Kc7 48. Nxg7 f4 49.
Nh5 f3 50. Ng3 Kd8 51. g7 Nh7 52. Bg6 Ng5 53. Kxb6 Ke7 54. c5 Nf7 55. Bxf7 Kxf7 56.
c6  1-0

[Event "3rd 4NCL Easter Congress"]
[Site "Mercure Daventry Court Hotel"]
[Date "2023.04.07"]
[Round "1"]
[Board "3"]
[White "Acharya, Kandara"]
[Black "Tart, Peter K"]
[Result "0-1"]
[WhiteElo "1558"]
[BlackElo "1856"]
[PlyCount "100"]
[EventDate "2023.04.07"]
[EventRounds "7"]
[EventCountry "ENG"]

1. c4 f5 2. Nf3 Nf6 3. Nc3 e6 4. d4 Bb4 5. a3 Bxc3+ 6. bxc3 O-O 7. Bf4 d6 8. e3 Qe8
9. Bd3 Nc6 10. O-O e5 11. d5 Na5 12. Re1 e4 13. Nd4 exd3 14. Qxd3 Qe4 15. Qe2 b6
16. f3 Qe8 17. Nb5 Rf7 18. Bxd6 cxd6 19. Nxd6 Qa4 20. Nxf7 Kxf7 21. e4 Qxc4 22. Qxc4
Nxc4 23. Rad1 fxe4 24. fxe4 Bg4 25. Rd4 Ne5 26. Rf1 Rc8 27. h3 Bd7 28. Rc1 Rc4 29.
Rxc4 Nxc4 30. Re1 Ne5 31. Kh2 Bb5 32. Kg3 g5 33. h4 gxh4+ 34. Kxh4 Bd3 35. Kg5 Bxe4
36. Rxe4 Nxe4+ 37. Kf5 Nxc3 38. Kxe5 Ke7 39. g3 a5 40. g4 Nb5 41. g5 Nxa3 42. d6+
Kd7 43. Kf6 Nc4 44. Kg7 Nxd6 45. Kxh7 Ke7 46. g6 Nf5 47. Kg8 Kf6 48. Kh7 a4 49. Kg8
a3 50. Kh7 a2  0-1

[Event "3rd 4NCL Easter Congress"]
[Site "Mercure Daventry Court Hotel"]
[Date "2023.04.07"]
[Round "1"]
[Board "4"]
[White "Jackson, Gary C"]
[Black "Willow, Hambel M"]
[Result "1/2-1/2"]
[WhiteElo "1773"]
[BlackElo "1625"]
[PlyCount "164"]
[EventDate "2023.04.07"]
[EventRounds "7"]
[EventCountry "ENG"]

1. e4 c6 2. d4 d5 3. Nc3 dxe4 4. Nxe4 Bf5 5. Ng3 Bg6 6. Nf3 Nd7 7. Bc4 e6 8. O-O
Ngf6 9. Re1 Be7 10. Bb3 O-O 11. Nh4 Nd5 12. Nxg6 hxg6 13. c4 N5b6 14. a3 Nf6 15.
Be3 Qc7 16. Qf3 Rfd8 17. Ba2 c5 18. dxc5 Bxc5 19. Bxc5 Qxc5 20. b4 Qd4 21. Qxb7 Nxc4
22. Qa6 Nb6 23. Rad1 Qb2 24. Rxd8+ Rxd8 25. Qxa7 Qxa2 26. Qxb6 Rd2 27. Qb8+ Kh7 28.
Qf4 Rb2 29. Rd1 Rb1 30. Rxb1 Qxb1+ 31. Nf1 Ne4 32. f3 Nc3 33. Qxf7 Qe1 34. g3 Ne2+
35. Kg2 Nd4 36. g4 Qe2+ 37. Kg3 Qxf1 38. a4 Ne2+ 39. Kh4 Ng1 40. Kg3 Qh3+ 41. Kf2
Qxh2+ 42. Kf1 Nh3 43. Ke1 Qg1+ 44. Ke2 Ng5 45. Qf4 Qg2+ 46. Ke3 Nh3 47. Qc4 Qf2+
48. Ke4 Qe1+ 49. Kd4 Ng5 50. f4 Nf3+ 51. Kc5 Qe3+ 52. Kd6 Qb6+ 53. Ke7 e5 54. Qe4
Qf6+ 55. Ke8 Qe6+ 56. Kd8 Qxg4 57. b5 exf4 58. b6 Qg5+ 59. Kc7 Qc5+ 60. Qc6 Qe5+
61. Kc8 Nd4 62. Qh1+ Kg8 63. b7 Qe8+ 64. Kc7 Ne6+ 65. Kd6 Kf7 66. Qd5 Qe7+ 67. Kc6
Qc7+ 68. Kb5 Qb8 69. Qd7+ Kf6 70. Qc8 Qe5+ 71. Kb6 Qd4+ 72. Kb5 Qe5+ 73. Kb4 Qd4+
74. Ka3 Qa1+ 75. Kb3 Qb1+ 76. Kc3 Qa1+ 77. Kd2 Qd4+ 78. Kc1 Qa1+ 79. Kd2 Qd4+ 80.
Ke1 Qe3+ 81. Kd1 Qd4+ 82. Kc1 Ke5  1/2-1/2

[Event "3rd 4NCL Easter Congress"]
[Site "Mercure Daventry Court Hotel"]
[Date "2023.04.07"]
[Round "1"]
[Board "5"]
[White "Lawrence, Spencer"]
[Black "Obi, Okwose Marc"]
[Result "1-0"]
[WhiteElo "1536"]
[BlackElo "1772"]
[PlyCount "85"]
[EventDate "2023.04.07"]
[EventRounds "7"]
[EventCountry "ENG"]

1. d4 d5 2. Nf3 e6 3. g3 f5 4. Bg2 Nf6 5. c4 c6 6. Nc3 Bd6 7. O-O b6 8. cxd5 exd5
9. Qc2 O-O 10. Bg5 h6 11. Bd2 Ne4 12. Nxe4 fxe4 13. Nh4 Qf6 14. f4 Qxd4+ 15. Kh1
Ba6 16. Bc3 Qc5 17. Rad1 Re8 18. Rd2 Nd7 19. Nf5 Bf8 20. b4 Bd3 21. exd3 Qb5 22.
Nd4 Qa6 23. dxe4 dxe4 24. Nxc6 Nf6 25. Bxf6 gxf6 26. Qb3+ Kh8 27. Rd7 Bg7 28. b5
Qc8 29. Qf7 Rg8 30. Bxe4 Qe8 31. Qg6 Qxg6 32. Bxg6 a6 33. bxa6 Rxa6 34. Bf7 Rf8 35.
f5 Raa8 36. Rb1 Ra6 37. Nd4 Rc8 38. Bb3 h5 39. Re1 Bf8 40. Ne6 Bb4 41. Nf4 Rg8 42.
Re8 Bf8 43. Rxf8  1-0

[Event "3rd 4NCL Easter Congress"]
[Site "Mercure Daventry Court Hotel"]
[Date "2023.04.07"]
[Round "1"]
[Board "6"]
[White "Ward, Andy"]
[Black "Dos Santos Silva, Bruno Alexandre"]
[Result "1-0"]
[WhiteElo "1838"]
[BlackElo "1631"]
[PlyCount "115"]
[EventDate "2023.04.07"]
[EventRounds "7"]
[EventCountry "ENG"]

1. c4 f5 2. Nc3 Nf6 3. g3 g6 4. Bg2 Bg7 5. d3 O-O 6. e4 d6 7. Nge2 e5 8. exf5 gxf5
9. f4 Nc6 10. O-O Qe8 11. Nd5 Nxd5 12. cxd5 Ne7 13. Qc2 Qd7 14. Be3 c6 15. dxc6 bxc6
16. Rac1 Bb7 17. fxe5 dxe5 18. Bc5 Kh8 19. Bxe7 Qxe7 20. Bxc6 Bxc6 21. Qxc6 f4 22.
Qe4 Qg5 23. Kh1 f3 24. Rxf3 Rf5 25. Rf4 Rxf4 26. Qd5 Rf3 27. Qxa8+ Rf8 28. Rc8 Qf6
29. Rxf8+ Bxf8 30. Kg2 Kg8 31. Nc3 Qg5 32. Ne4 Qf5 33. Qxa7 h6 34. Qf2 Qc8 35. Qd2
Qa8 36. a3 Bg7 37. Qc3 Kh7 38. b4 Qd5 39. Qc4 Qa8 40. Qb3 Qc6 41. a4 Qc1 42. b5 Qe1
43. Qc2 Qa5 44. d4 Qa8 45. Kg1 Kh8 46. dxe5 Qa7+ 47. Kg2 Qb7 48. Qc6 Qf7 49. Qc8+
Kh7 50. Nf6+ Bxf6 51. Qf5+ Kg8 52. Qxf6 Qa2+ 53. Kh3 Qxa4 54. Qd8+ Kg7 55. Qd7+ Kg6
56. e6 h5 57. Qf7+ Kh6 58. Qf4+  1-0

[Event "3rd 4NCL Easter Congress"]
[Site "Mercure Daventry Court Hotel"]
[Date "2023.04.07"]
[Round "1"]
[Board "7"]
[White "Baxter, Martin"]
[Black "Borissow, Magnus"]
[Result "0-1"]
[WhiteElo "1766"]
[BlackElo "1582"]
[PlyCount "74"]
[EventDate "2023.04.07"]
[EventRounds "7"]
[EventCountry "ENG"]

1. e4 c5 2. a3 g6 3. c3 d5 4. e5 d4 5. cxd4 cxd4 6. Nf3 Bg7 7. Bc4 Nc6 8. Qe2 e6
9. d3 Nxe5 10. Nxe5 Qa5+ 11. b4 Qxe5 12. Qxe5 Bxe5 13. O-O Bd7 14. Nd2 b5 15. Bb3
Bc6 16. Bb2 Ne7 17. Rfe1 Bg7 18. Rac1 O-O 19. Ne4 Bxe4 20. Rxe4 Rac8 21. Rxc8 Rxc8
22. f4 Rd8 23. g4 Nc8 24. Kf2 Nd6 25. Re1 h6 26. Rc1 Rc8 27. Re1 Kf8 28. Kf3 Rc7
29. h4 h5 30. gxh5 gxh5 31. Rg1 Bf6 32. Kg3 Nf5+ 33. Kh3 Bxh4 34. Bd1 Bf2 35. Rg5
f6 36. Rxh5 Rg7 37. Bg4 Ne3  0-1

[Event "3rd 4NCL Easter Congress"]
[Site "Mercure Daventry Court Hotel"]
[Date "2023.04.07"]
[Round "1"]
[Board "8"]
[White "Bryant, Richard BE"]
[Black "Raju, Sooraj Menothuparambil"]
[Result "0-1"]
[WhiteElo "1850"]
[BlackElo "1758"]
[PlyCount "94"]
[EventDate "2023.04.07"]
[EventRounds "7"]
[EventCountry "ENG"]

1. e4 Nf6 2. e5 Nd5 3. d4 d6 4. c4 Nb6 5. Nf3 g6 6. Nc3 Bg7 7. Bf4 O-O 8. exd6 cxd6
9. a4 Nc6 10. a5 Nd7 11. a6 bxa6 12. Be3 Rb8 13. Qd2 Na5 14. Qc2 Bb7 15. d5 Ba8 16.
Bxa7 Rb4 17. Ra4 Rxa4 18. Qxa4 Qc7 19. Be3 Rb8 20. Qa2 Rb4 21. Nd2 e6 22. Qa3 Rb8
23. b4 exd5 24. Nxd5 Bxd5 25. cxd5 Nb7 26. Be2 a5 27. b5 Nb6 28. Bxb6 Qxb6 29. O-O
Re8 30. Qf3 a4 31. Rd1 Qd4 32. g3 a3 33. Bc4 Na5 34. Ba2 Qb2 35. Nc4 Nxc4 36. Bxc4
a2 37. Bxa2 Qxa2 38. Qd3 Qb2 39. Kf1 Rb8 40. Rb1 Qd4 41. Qb3 Qb6 42. Qd3 Bd4 43.
Qf3 Qc5 44. Qe4 Bxf2 45. Qe2 Bd4 46. b6 Qxd5 47. Qd3 Re8  0-1

[Event "3rd 4NCL Easter Congress"]
[Site "Mercure Daventry Court Hotel"]
[Date "2023.04.07"]
[Round "1"]
[Board "9"]
[White "Chan, Michelle Ngo Yu"]
[Black "Johnson, Richard J"]
[Result "1/2-1/2"]
[WhiteElo "1586"]
[BlackElo "1874"]
[PlyCount "35"]
[EventDate "2023.04.07"]
[EventRounds "7"]
[EventCountry "ENG"]

1. e4 c5 2. Nf3 e6 3. d4 cxd4 4. Nxd4 a6 5. Bd3 Nf6 6. O-O Qc7 7. Qe2 d6 8. f4 Nbd7
9. Nc3 b5 10. a3 Bb7 11. Be3 Rc8 12. Rad1 Be7 13. Bf2 O-O 14. Bg3 Qc5 15. Bf2 Qc7
16. Bg3 Qc5 17. Bf2 Qc7 18. Bg3  1/2-1/2

[Event "3rd 4NCL Easter Congress"]
[Site "Mercure Daventry Court Hotel"]
[Date "2023.04.07"]
[Round "1"]
[Board "10"]
[White "Webster, Vivien"]
[Black "Vaidyanathan, Adithya"]
[Result "1-0"]
[WhiteElo "1591"]
[BlackElo "1387"]
[PlyCount "105"]
[EventDate "2023.04.07"]
[EventRounds "7"]
[EventCountry "ENG"]

1. e4 c5 2. Nf3 Nc6 3. Nc3 e5 4. a3 d6 5. Be2 Nf6 6. d3 Be7 7. O-O O-O 8. h3 Be6
9. Ng5 Nd4 10. Nxe6 Nxe2+ 11. Nxe2 fxe6 12. Ng3 d5 13. Qe2 d4 14. b3 Rc8 15. a4 a6
16. a5 Qd7 17. Nh5 Nxh5 18. Qxh5 Bd8 19. Qxe5 Bc7 20. Qg5 e5 21. Bd2 Rf6 22. Qg4
Qe8 23. f4 Rg6 24. Qe2 Qd7 25. f5 Rf6 26. Bg5 Rf7 27. Rf3 Rcf8 28. Bd2 Qd8 29. Rg3
Kh8 30. Bg5 Qd7 31. h4 Qb5 32. Qg4 Bxa5 33. f6 g6 34. h5 Bd8 35. hxg6 hxg6 36. Rh3+
Rh7 37. Rxh7+ Kxh7 38. Qh4+ Kg8 39. f7+ Rxf7 40. Bxd8 Qd7 41. Bf6 Rh7 42. Qg3 Qe8
43. Rf1 Qf7 44. Qxe5 Rh5 45. Bg5 Rh1+ 46. Kxh1 Qxf1+ 47. Kh2 Qe2 48. Qe6+ Kg7 49.
Qf6+ Kg8 50. Qxg6+ Kf8 51. Bf6 c4 52. Qg7+ Ke8 53. Qe7#  1-0